00721nam a2200229 4500003000400000005001700004008004100021040001800062050001500080100003800095245007900133250002700212264004300239300004000282336002200322337002400344338002400368650003900392650003100431942001200462999001700474OSt20260530113847.0260422b19521956enka|||| |||| 00| 0 eng d aICIbspacICI4 aNK1105bR41 aRead, Herbert,d1893-1968,93085510aArt and industry :bthe principles of industrial design /cby Herbert Read aFourth edition revised 1b Faber and Faber Ltd,c 1956aLondon : a212 páginasbilustracionesc22cm. atexto2rdacontent asin medio2rdamedia avolumen2rdacarrier4 aArtes y movimiento artesanal923144 aDiseño industrial915218 2lcccBK c11335d11335